Vista normal
Vista MARC
Entrada Personal Name
Número de registros utilizados en: 1
001 - CONTROL NUMBER
- control field: 62628
003 - CONTROL NUMBER IDENTIFIER
- control field: OSt
005 - DATE AND TIME OF LATEST TRANSACTION
- control field: 20250820144949.0
008 - FIXED-LENGTH DATA ELEMENTS
- fixed length control field: 250820|| aca||aabn | a|a d
040 ## - CATALOGING SOURCE
- Original cataloging agency: OSt
- Transcribing agency: OSt
100 ## - HEADING--PERSONAL NAME
- Personal name: David Sowell
670 ## - SOURCE DATA FOUND
- Source citation: Work cat.: (OSt)52208: Hall, Francis autor 54908, Santander y la opinión angloamericana visión de viajeros y periodicos 1821 - 1840